| 000 | 00380 a2200145 4500 | ||
|---|---|---|---|
| 005 | 20250627123552.0 | ||
| 020 | _a0-19-808542-7 | ||
| 082 | _a526,9 SUB. | ||
| 100 | _aSUBRAMANIAN, R. | ||
| 245 | _aSurveying And Levelling, | ||
| 250 | _a2nd Ed. | ||
| 260 |
_aNew Delhi, _bOxford University Press, _c2012. |
||
| 300 |
_avii.; 957p.; Ill.; picture, _bIndex, _c23cm. |
||
| 942 |
_2ddc _cBKS |
||
| 999 |
_c5627 _d5627 |
||